000 01161nam a22002537a 4500
001 44695
003 BD-RjUL
005 20211209053913.0
008 160720s1975 ii ||||| |||| 00| 0 ben d
020 _c: IRs 20.00
035 _a(BD-RjUL)44813
040 _aBD-RjUL
_bben
_cBD-RjUL
041 _aben
082 _223
_a059.9144
_bBAN 1975
245 0 0 _aবঙ্গদর্শন :
_bনির্বাচিত রচনাসংগ্রহ /
_cসম্পাদক: রবীন্দ্র গুপ্ত ; দেবীপদ ভট্রাচার্যের মুখবন্ধ সংবলিত
250 _a১ম সং.
260 _aকলিকাতা :
_bচারুপ্রকাশ,
_c১৯৭৫
300 _a[১৬], ৪৭১ পৃ. ;
_c২১ সেমি.
650 _aবাংলা সাহিত্য
_xসংগ্রহ
_9122902
650 _aBengali Literature
_xCollection
_9122903
700 _aগুপ্ত, রবীন্দ্র, সম্পাদক
_9236749
700 _aভট্রাচার্য, দেবীপদ, মুখবন্ধকার
_9236750
942 _2ddc
_cBK
999 _c44695
_d44695